Cómo se escribe un poema (Record no. 18833)

MARC details
000 -LEADER
campo de control de longitud fija 01406nmc a2200505 a 4500
003 - IDENTIFICADOR DE NÚMERO DE CONTROL
campo de control AR-BaBNM
005 - FECHA Y HORA DE LA ÚLTIMA TRANSACCIÓN
campo de control 20251128211230.0
008 - DATOS DE LONGITUD FIJA--INFORMACIÓN GENERAL
campo de control de longitud fija 223020s1994 ||||||||||||||000 | spa||
020 ## - NÚMERO INTERNACIONAL ESTÁNDAR DEL LIBRO
Número Internacional Estándar del Libro 950-02-8434-0
040 ## - FUENTE DE CATALOGACIÓN
Centro/agencia transcriptor AR-BaBNM
245 10 - MENCIÓN DEL TÍTULO
Título Cómo se escribe un poema
Resto del título lenguas extranjeras
260 ## - PUBLICACIÓN, DISTRIBUCIÓN, ETC.
Lugar de publicación, distribución, etc. Buenos Aires
Nombre del editor, distribuidor, etc. El Ateneo
Fecha de publicación, distribución, etc. 1994
300 1# - DESCRIPCIÓN FÍSICA
Extensión viii, 193 p.
490 #0 - MENCIÓN DE SERIE
Mención de serie El taller del escritor
650 #4 - PUNTO DE ACCESO ADICIONAL DE MATERIA--TÉRMINO DE MATERIA
Término de materia o nombre geográfico como elemento de entrada ANALISIS LITERARIO
650 #4 - PUNTO DE ACCESO ADICIONAL DE MATERIA--TÉRMINO DE MATERIA
Término de materia o nombre geográfico como elemento de entrada POESIA
650 #4 - PUNTO DE ACCESO ADICIONAL DE MATERIA--TÉRMINO DE MATERIA
Término de materia o nombre geográfico como elemento de entrada LITERATURA ESTADOUNIDENSE
650 #4 - PUNTO DE ACCESO ADICIONAL DE MATERIA--TÉRMINO DE MATERIA
Término de materia o nombre geográfico como elemento de entrada LITERATURA FRANCESA
650 #4 - PUNTO DE ACCESO ADICIONAL DE MATERIA--TÉRMINO DE MATERIA
Término de materia o nombre geográfico como elemento de entrada LITERATURA INGLESA
650 #4 - PUNTO DE ACCESO ADICIONAL DE MATERIA--TÉRMINO DE MATERIA
Término de materia o nombre geográfico como elemento de entrada LITERATURA ITALIANA
650 #4 - PUNTO DE ACCESO ADICIONAL DE MATERIA--TÉRMINO DE MATERIA
Término de materia o nombre geográfico como elemento de entrada LITERATURA ALEMANA
653 #0 - TÉRMINO DE INDIZACIÓN--NO CONTROLADO
Término no controlado LITERATURA CHECA
655 ## - TERMINO DE INDIZACIÓN--GENERO/FORMA
Datos o término principal de género/forma LITERATURA
700 1# - ENTRADA AGREGADA--NOMBRE PERSONAL
Nombre de persona Russo, Edgardo
Término indicativo de función/relación compilador
700 1# - ENTRADA AGREGADA--NOMBRE PERSONAL
Nombre de persona Freidemberg, Daniel
Término indicativo de función/relación compilador
700 1# - ENTRADA AGREGADA--NOMBRE PERSONAL
Nombre de persona Poe, Edgar Allan
700 1# - ENTRADA AGREGADA--NOMBRE PERSONAL
Nombre de persona Baudelaire, Charles Pierre
700 1# - ENTRADA AGREGADA--NOMBRE PERSONAL
Nombre de persona Rimbaud, Jean Arthur
700 1# - ENTRADA AGREGADA--NOMBRE PERSONAL
Nombre de persona Yeats, William Butler
700 1# - ENTRADA AGREGADA--NOMBRE PERSONAL
Nombre de persona Rilke, Rainer María
700 1# - ENTRADA AGREGADA--NOMBRE PERSONAL
Nombre de persona Mallarmé, Stéphane
700 1# - ENTRADA AGREGADA--NOMBRE PERSONAL
Nombre de persona Valery, Paul
700 1# - ENTRADA AGREGADA--NOMBRE PERSONAL
Nombre de persona Breton, André
700 1# - ENTRADA AGREGADA--NOMBRE PERSONAL
Nombre de persona Eliot, Thomas Stearns
700 1# - ENTRADA AGREGADA--NOMBRE PERSONAL
Nombre de persona Pound, Ezra
700 1# - ENTRADA AGREGADA--NOMBRE PERSONAL
Nombre de persona Ponge, Francis
700 1# - ENTRADA AGREGADA--NOMBRE PERSONAL
Nombre de persona Montale, Eugenio
700 1# - ENTRADA AGREGADA--NOMBRE PERSONAL
Nombre de persona Benn, Gottfried
700 1# - ENTRADA AGREGADA--NOMBRE PERSONAL
Nombre de persona Thomas, Dylan Marlais
700 1# - ENTRADA AGREGADA--NOMBRE PERSONAL
Nombre de persona Stevens, Wallace
700 1# - ENTRADA AGREGADA--NOMBRE PERSONAL
Nombre de persona Pavese, Cesare
700 1# - ENTRADA AGREGADA--NOMBRE PERSONAL
Nombre de persona Levertov, Denise
942 ## - ELEMENTOS DE ENTRADA SECUNDARIOS (KOHA)
Tipo de ítem Koha Libros
998 ## - INFORMACIÓN DE CONTROL LOCAL (RLIN)
Iniciales del catalogador, CIN (RLIN) Laura
Holdings
Estatus retirado Estado de pérdida Fuente de la clasificación o esquema de estantería Estado de daño No para préstamo Biblioteca de origen Biblioteca actual Fecha de adquisición Total de préstamos Signatura topográfica completa Código de barras Visto por última vez Precio de reemplazo Tipo de ítem Koha Restricciones de uso Ubicación en estantería
    Clasificación Decimal Dewey     Liberty Liberty 28/11/2025   82 C-ETE 4 131960 28/11/2025 28/11/2025 Libros    
    Clasificación Decimal Dewey     Liberty Liberty 28/11/2025   82 C-ETE 4 131961 28/11/2025 28/11/2025 Libros    
    Clasificación Decimal Dewey     Liberty Liberty 28/11/2025   82 C-ETE 4 132083 28/11/2025 28/11/2025 Libros    
    Clasificación Decimal Dewey   No para préstamo Liberty Liberty 28/11/2025   82 C-ETE 4 132084 28/11/2025 28/11/2025 Libros Acceso restringido